MARC

LEADER 00000nam0a2200000 4500
001 225217
005 20240404090934.0
035 |a (RuTPU)RU\TPU\book\245553 
090 |a 225217 
100 |a 20121107d1918 m y0rusy50 ca 
101 0 |a rus 
102 |a RU 
105 |a f z 000zy 
181 0 |b  e  
182 0 |a n 
183 0 |a nc  |2 RDAcarrier 
200 1 |a Задачи дорожного строительства Восточной Сибири. Материалы по вопросу о постройке Илимского тракта  |f Временное Сибирское Правительство, Министерство Путей Сообщения ; под ред. Начальника Управления инженера путей сообщения А. Н. Лагутина 
210 |a Иркутск  |c Типо-литография П. Макушина и В. Посохина  |d 1918 
215 |a 46 с.  |c 1 карта 
225 1 |a Бюллетень Управления речных и дорожных исследований и работ Ленско-Байкальского района 
283 |a volume 
316 |5 63413507: 16088  |a На титульном листе дарственная надпись: "В библиотеку Томск. Техн. Инст. от автора" 
606 1 |a Дорожное строительство  |x История  |9 37160 
610 1 |a дорожное строительство 
610 1 |a дорожные работы 
610 1 |a история 
610 1 |a 20 век 
610 1 |a Восточная Сибирь 
610 1 |a дарственные надписи 
610 1 |a дары библиотеке 
675 |a 625.7/8  |v 4  |z rus 
702 1 |a Лагутин  |b А. Н.  |4 340 
712 0 2 |a Временное Сибирское Правительство  |b Министерство Путей Сообщения  |3 (RuTPU)RU\TPU\col\18292  |9 26968 
801 1 |a RU  |b 63413507  |c 20121107 
801 2 |a RU  |b 63413507  |c 20121127  |g RCR 
942 |c BK